LEADER 01227nam0-2200289---450 001 9911011980103321 005 20250708123409.0 100 $a20250707d1838----km-y0itay50------ba 101 0 $afre 102 $aFR 105 $ay-------001yy 200 1 $aSur la salicine et les produits de sa décomposition$emèmoire lu à l'Académie des sciences de l'Institut de France$ele 26 nov. 1838$fpar R. Piria 210 $aParis$cChez Crochard$d1838 215 $a45 p.$d20 cm 300 $aEstratto da: Annales de Chimie et de Physique. 317 $aTimbro ovale: "Biblioteca Universitaria Napoli" sul front. e a p. 1. Nota ms a inchiostro: "Imm. 27 Lug. 1837" sul contropiatto anteriore$5IT-NA0852: B 1 V 22 (3 610 0 $aMineralogia 676 $a549$v23$zita 700 1$aPiria,$bRaffaele$052490 801 0$aIT$bUNINA$gREICAT$2UNIMARC 856 4 $zVisualizza la versione elettronica in SBNWeb$uhttps://books.google.it/books?id=ODWrzA3APykC&printsec=frontcover&hl=it&source=gbs_ge_summary_r&cad=0#v=onepage&q&f=false$e20250707 901 $aBK 912 $a9911011980103321 952 $aB 1 V 22 (3$fNAP14 959 $aNAP14 996 $aSur la salicine et les produits de sa décomposition$94403666 997 $aUNINA